000
00239nam a22000857a 4500
008
160720b xxu||||| |||| 00| 0 eng d
100
_9
3078
_a
Brien O.T
245
_a
General Knowledge-7
_b
Know More
260
_a
New Delhi
_b
F.B & Co Publication
_c
2011
999
_c
2641
_d
2641